000 00341nam a2200145Ia 4500
003 OSt
005 20240103154526.0
008 170524s9999 xx 000 0 und d
020 _a8120320174
040 _ciimt university meerut
100 _aCONWAY
245 0 _aUNLOCKING KNOWLEDGE ASSET
260 _bHIMALYA PUB. HOUSE
942 _2ddc
_c02
999 _c7973
_d7973